000 00519cam a2200205ua 4500
001 2353
005 20260515113458.0
008 110805n ii |||gr||||Z||||||asm
040 _cMAIN
082 _a370.92
100 1 _aDeka, Birendra,
_eAuthor.
245 1 _aKaigarakiman mohan Shikshabid
_cby Birendra Deka
250 _a2nd.
260 _aNalbari:
_bKitap ghar,997.
300 _a166p:
_c23cm.
653 _aEducation
653 _aKaigarakiman mohan Shikshabid
653 _asome great educators
942 _cBK
999 _c2209
_d2209